| 000 | 00346nam a2200145Ia 4500 | ||
|---|---|---|---|
| 100 | _aGoswami/Diganta | ||
| 650 | _aICT | ||
| 942 | _cBK | ||
| 366 | _f20 | ||
| 245 | _aInformation and communcation technoloogy for education | ||
| 260 |
_bNarosa Publication House _c2012 |
||
| 082 |
_a384.3 _bGOS |
||
| 546 |
_aENGLISH _celectronics |
||
| 999 |
_c28607 _d28607 |
||